Turáni kótyag
Elmentve itt :
| Szerző: | |
|---|---|
| Dokumentumtípus: | Cikk |
| Megjelent: |
1929
|
| Sorozat: | Széphalom
3 |
| Kulcsszavak: | Társadalomtudomány, Művelődéstörténet |
| Online Access: | http://acta.bibl.u-szeged.hu/20370 |
| LEADER | 00553nab a2200169 i 4500 | ||
|---|---|---|---|
| 001 | acta20370 | ||
| 005 | 20210722152211.0 | ||
| 008 | 161015s1929 hu o 0|| hun d | ||
| 040 | |a SZTE Egyetemi Kiadványok Repozitórium |b hun | ||
| 041 | |a hun | ||
| 100 | 1 | |a Zolnai Béla | |
| 245 | 1 | 0 | |a Turáni kótyag |h [elektronikus dokumentum] / |c Zolnai Béla |
| 260 | |c 1929 | ||
| 300 | |a 144-147 | ||
| 490 | 0 | |a Széphalom |v 3 | |
| 695 | |a Társadalomtudomány, Művelődéstörténet | ||
| 856 | 4 | 0 | |u http://acta.bibl.u-szeged.hu/20370/1/szephalom_003_144-147.pdf |z Dokumentum-elérés |